003970000a22001210004500090001700000245005000017041001300067700003000080100003000110942001300140773010500153999001700258 aASbSeriadas10aNotes on the toxicity of Sphenoclea zeylanica0 aInglés1 aHigurashi, Akifumi9991761 aRaffauf, Robert F.915234 cARTICULO1 tRevista de la Academia Colombiana de Ciencias Exactas, Fisicas y Naturales332h63q99-105d1988g16 c14273d14273